劇場版ポケットモンスター ゲスト声優 - Statistics

General Stats
  • This quiz has been taken 30 times
  • The average score is 39 of 118
Answer Stats
キャラクター キャスト % Correct
インフィ | カレン | ギザみみピチュー | +9 others 中川翔子
86%
アルベルト男爵 | アーロン | オリバー市長 | +20 others 山寺宏一
75%
ヤドキング 濵田雅功(ダウンタウン)
61%
ダイ | 兵士B 秋山竜次(ロバート)
54%
ジバコイル ゴルゴ所長
54%
オニゴーリ あばれる君
54%
KABA.ちゃん KABA.ちゃん
54%
ミュウツー 市村正親
50%
カツミ | 村人 山本博(ロバート)
50%
アルセウス 美輪明宏
50%
ドダイトス | 兵士D 馬場裕之(ロバート)
43%
ムース レッド博士
43%
ボイジャー 小林幸子
36%
マリン ローラ
36%
キッド | ジュディ | ヒトミ ベッキー
25%
エンテイ 竹中直人
21%
ビクティニ 水樹奈々
18%
ヒポポタス 篠原信一
18%
ダークライ 石坂浩二
14%
ドレッド つるの剛士
14%
ミュウツー 高島礼子
14%
ソウジ 本郷奏多
14%
ファントム 藤岡弘、
11%
ゼロ 中村獅童
11%
コーダイ 陣内孝則
11%
ゼクロム 高橋英樹
11%
ゼルネアス 三田佳子
11%
アルガス 中川礼二(中川家)
11%
ナイト 中川剛(中川家)
11%
バルザ 藤原竜也
11%
ラルゴ 芦田愛菜
11%
ヒスイ 野沢雅子
11%
ココ 上白石萌歌
11%
ジラルダン 鹿賀丈史
7%
ザンナー 神田うの
7%
リオン 釈由美子
7%
トニオ 山本耕史
7%
レシラム 谷原章介
7%
キュレム 高橋克実
7%
イーブイ 吉岡聖恵(いきものがかり)
7%
マリリン 足立梨花
7%
トリト 濱田岳
7%
ザルード 中村勘九郎
7%
スイート 佐藤藍子
4%
海賊風トレーナー レイモンド・ジョンソン
4%
ビシャス 佐野史郎
4%
ボンゴレ グッチ裕三
4%
アナウンサー 広川太一郎
4%
ダイアン 牧瀬里穂
4%
フレディ 西野亮廣(キングコング)
4%
ウソハチ 梶原雄太(キングコング)
4%
ペラップ ホリ
4%
アリス 加藤ローサ
4%
レイラ 南明奈
4%
ラッキー クリスタル・ケイ
4%
ダモス 髙嶋政宏
4%
カリータ 石原さとみ
4%
ジャンタ 大地真央
4%
ウッシー 内田篤人
4%
キミア 松岡茉優
4%
マコト 佐藤栞里
4%
リサ 川栄李奈
4%
リン 加藤あい
0%
ジョン 薬丸裕英
0%
ミク 鈴木杏
0%
ホワイト 藤井隆
0%
ボギー パパイヤ鈴木
0%
ユウコ 上原多香子
0%
グルー ジョン・カビラ
0%
アイリーン 菊池桃子
0%
ジェニー 岡江久美子
0%
ヒロミ 眞鍋かをり
0%
シーナ 北乃きい
0%
リオカ 加藤夏希
0%
クルト 塚本高史
0%
エリック 吉村崇(平成ノブシコブシ)
0%
イシツブテ 徳井健太(平成ノブシコブシ)
0%
ボルケニオン 市川染五郎
0%
ボンジイ 古田新太
0%
カガチ 大倉孝二
0%
No matching quizzes found
Score Distribution
Percent of People with Each Score
Percentile by Number Answered
Your Score History
You have not taken this quiz